000 00618nam a22002057a 4500
003 OSt
005 20251024011517.0
008 251008b |||||||| |||| 00| 0 eng d
020 _a971-789-041-2.
040 _aDWCL-Main lib
_cOC
082 _aCirc. 646.88 H999f 1991
100 _aLynne Heybels
245 _aFit to be tied:
_bmaking marriage last a lifetime
260 _aMichigan:
_bZondervan Publishing House,
_cc1991.
300 _a234 pages ;
_c20 cm.
650 _21. Marriage - Religious Aspects - Christianity.
650 _22. Marriage - U.S.
700 _aHeybels, Bill
942 _2ddc
_cBK-CIRC
_kCirc.
_n0
999 _c4692
_d4692